000 01648nam a2200313Ia 4500
999 _c4748
_d4748
003 OSt
005 20200704132347.0
008 191128s2013 ck fr 000 0 spa d
020 _a9789587720693
040 _aCO-JMCR
_cCO-JMCR
041 0 _aspa
082 0 4 _a336.24 /
_bP695i
_223
100 1 _aPiza Rodríguez, Julio Roberto,
_eeditor
_96667
245 1 3 _aEl impuesto sobre la renta y complementarios :
_bconsideraciones teóricas y prácticas /
_ceditores Julio Roberto Piza Rodríguez, Pedro Sarmiento Pérez y Roberto Insignares Gómez
250 _aTercera edición
260 _aBogotá :
_bUniversidad Externado de Colombia,
_c2013
300 _a811 páginas ;
_c24 cm.
505 0 _aAspectos generales de la tributación directa -- El elemento subjetivo del impuesto -- El elemento objetivo del impuesto -- El impuesto de renta en las personas naturales -- Aspectos relativos al tratamiento especial del impuesto sobre la renta
520 3 _aLos principales objetivos de los cambios en la política tributaria colombiana, son la general de empleo, mejorando además la competitividad de nuestras empresas y la reducción de la desigualdad, buscando la distribución adecuada de la carga tributaria.
650 1 4 _aImpuestos sobre la renta
_xdoctrina
_96668
650 1 4 _aDerecho financiero
_zColombia
_96669
650 1 4 _aDerecho fiscal
_zColombia
_96670
650 1 4 _aSociedades comerciales
_96671
650 1 4 _aImpuesto sobre la renta
_96672
650 1 4 _aImpuestos
_zColombia
_96673
700 1 _aSarmiento Pérez, Pedro,
_eeditor
_96674
700 1 _aInsignares Gómez, Roberto,
_eeditor
_96675
942 _2ddc
_cBK